[Event "XXIII Ayto. de Erandio"]
[Site ""]
[Date "2014.12.26"]
[Round "6.10"]
[White "Garrido Legarreta, Jose Javier"]
[Black "Cuero Reid, Maximo Javier"]
[Result "0-1"]
[WhiteElo "2013"]
[BlackElo "1841"]

1. c4 Nc6 2. Nc3 Ne5 3. e4 d6 4. d4 Ng4 5. Be2 N4h6 6. Nf3 f6 7. O-O e5 8. Nh4
Be6 9. d5 Bf7 10. g3 Qd7 11. Kg2 g5 12. Nf5 Nxf5 13. exf5 Ne7 14. Ne4 Bg7 15.
Bxg5 Qxf5 16. Bd3 fxg5 17. Nxd6+ cxd6 18. Bxf5 Nxf5 19. f4 Ne3+ 0-1

[Event "XXIII Ayto. de Erandio"]
[Site ""]
[Date "2014.12.27"]
[Round "7.1"]
[White "Prieto Aranguren, Alain"]
[Black "Mate Adan, Carlos"]
[Result "1/2-1/2"]
[WhiteElo "2203"]
[BlackElo "2313"]

1. d4 c5 2. d5 d6 3. c4 Nf6 4. Nc3 e6 5. e4 exd5 6. cxd5 g6 7. f4 Bg7 8. Bb5+
Nfd7 9. a4 O-O 10. Nf3 Na6 11. O-O Nc7 12. Bd3 a6 13. Nd2 Nf6 14. Nc4 Re8 15.
h3 b5 16. axb5 axb5 17. Rxa8 bxc4 18. Rxc8 Qxc8 19. Bb1 Qd7 20. Re1 Nb5 21.
Nxb5 Qxb5 22. e5 dxe5 23. fxe5 Nd7 24. e6 fxe6 25. dxe6 Bd4+ 26. Be3 Rxe6 27.
Bxd4 Rxe1+ 28. Qxe1 cxd4 29. Qe8+ Kg7 30. Qe7+ Kh6 31. Qh4+ Qh5 32. Qxd4 Qc5
33. Qf2 Kg5 34. Bc2 Qxf2+ 35. Kxf2 Kf4 36. g3+ Ke5 37. Ke3 Nb6 38. Kf3 Nd5 39.
Be4 Nb6 40. Bc2 Nd5 41. Be4 Kd4 42. Bxd5 Kxd5 43. Ke3 Ke5 44. h4 h5 45. Kf3 Kd5
46. Ke3 Ke5 47. Kf3 Kf5 48. Ke3 Kg4 49. Kf2 Kh3 50. Kf3 Kh2 51. Kf2 Kh3 52. Kf3
1/2-1/2

[Event "XXIII Ayto. de Erandio"]
[Site ""]
[Date "2014.12.27"]
[Round "7.2"]
[White "Gomez Esteban, Juan Mario"]
[Black "Ruiz Marana, Alejandro"]
[Result "1-0"]
[WhiteElo "2446"]
[BlackElo "2173"]

1. Nf3 d5 2. d4 Nf6 3. c4 c6 4. Nc3 Qb6 5. c5 Qc7 6. g3 Bf5 7. Nh4 Be6 8. Bg2
h6 9. O-O g5 10. Nf3 Nbd7 11. b4 Bg7 12. Qc2 O-O 13. h4 g4 14. Bf4 Qc8 15. Ne1
Nh5 16. Be3 Ndf6 17. Nd3 Bf5 18. b5 Qe6 19. bxc6 bxc6 20. Qd2 Kh7 21. Rab1 Rab8
22. Rb3 Rxb3 23. axb3 Ne4 24. Nxe4 dxe4 $11 25. Nb4 a5 26. d5 cxd5 27. Nxd5 Rb8
28. c6 Qxc6 29. Nxe7 Qe6 30. Qxa5 Bg6 31. Nxg6 fxg6 32. b4 Qc4 33. Rb1 Qxe2 34.
Bxe4 Nxg3 35. Qd5 Nxe4 36. Qxe4 Rb5 37. Qf4 Rf5 38. Qc7 Qd3 39. Re1 Rf3 40. Bf4
Qd4 41. Bg3 Qxb4 42. Re7 Qd4 43. Kg2 Rf5 44. Rd7 Qf6 45. Re7 Qd4 46. Rd7 Qf6
47. Qb7 Qc3 48. Rc7 Qf3+ 49. Qxf3 gxf3+ 50. Kh3 Kg8 51. Bd6 Rd5 52. Bf4 Rd4 53.
Rxg7+ Kf8 54. Bxh6 1-0

[Event "XXIII Ayto. de Erandio"]
[Site ""]
[Date "2014.12.27"]
[Round "7.3"]
[White "Nava Pereda, Carlos"]
[Black "Diez Fraile, David"]
[Result "1-0"]
[WhiteElo "2277"]
[BlackElo "2147"]

1. d4 d5 2. c4 e6 3. Nf3 Nf6 4. Nc3 c6 5. e3 Nbd7 6. Qc2 Bd6 7. Be2 O-O 8. O-O
Qe7 9. e4 e5 10. cxd5 cxd5 11. Bg5 dxe4 12. Nxe4 exd4 13. Nxd6 Qxd6 14. Rad1
Ne5 15. Nxd4 Bg4 16. Nf5 Qe6 17. Bxg4 Nexg4 18. Rfe1 Qxa2 19. Ra1 Rae8 20. h3
h6 21. Bd2 Rxe1+ 22. Rxe1 g6 23. Ne7+ Kh7 24. hxg4 Re8 25. g5 hxg5 26. Qc3 1-0

[Event "XXIII Ayto. de Erandio"]
[Site ""]
[Date "2014.12.27"]
[Round "7.4"]
[White "Arias Garcia, Luis Javier"]
[Black "Alonso Alonso, Ivan"]
[Result "0-1"]
[WhiteElo "2186"]
[BlackElo "2133"]

1. d4 Nf6 2. c4 e6 3. Nc3 Bb4 4. e3 O-O 5. Nge2 d5 6. a3 Be7 7. Nf4 b6 8. cxd5
exd5 9. Be2 c6 10. b4 Bd6 11. O-O Bf5 12. Bb2 a6 13. Rc1 Qe7 14. Na4 Qb7 15.
Qb3 Nbd7 16. Nd3 Rfe8 17. Nc3 Rac8 18. Rfd1 Bb8 19. a4 Ne4 20. g3 Ndf6 21. Nxe4
Nxe4 22. Ne5 Be6 23. Rc2 f6 24. Nd3 Nd6 25. Nf4 Bf7 26. Bg4 f5 27. Bh3 Qd7 28.
Qd3 b5 29. axb5 axb5 30. Re1 g6 31. Qc3 Ne4 32. Qd3 Bd6 33. Bc3 Ra8 34. f3 Ng5
35. Bg2 Ne6 36. Rce2 Nxf4 37. exf4 Rxe2 38. Rxe2 Ra4 39. Qd2 Qc8 40. Bf1 Qf8
41. g4 Qh6 42. Qc1 Ra6 43. Bd2 Qg7 44. Qc3 Bf8 45. gxf5 gxf5+ 46. Rg2 Bg6 47.
Bd3 Qf6 48. Rg5 Kh8 49. Be3 Bg7 50. Qc2 Bh6 51. Rg2 Bf8 52. Rg5 Ra3 53. Kf2 Qe7
54. Bd2 Bh6 55. Rg3 Qh4 56. Kg2 {...} 0-1

[Event "XXIII Ayto. de Erandio"]
[Site ""]
[Date "2014.12.27"]
[Round "7.5"]
[White "Saez Gabikagogeaskoa, Oscar"]
[Black "Ibarretxe Campo, Lander"]
[Result "0-1"]
[WhiteElo "1983"]
[BlackElo "2065"]

1. e4 c5 2. Nf3 e6 3. c3 d5 4. exd5 exd5 5. d4 Nf6 6. Ne5 Be7 7. Bd3 Nc6 8. Qa4
O-O 9. O-O Qc7 10. Nxc6 bxc6 11. dxc5 Bxc5 12. Bg5 Ng4 13. g3 Qb6 14. Qc2 h6
15. Bf4 g5 16. Bc1 Re8 17. b4 Bxf2+ 18. Rxf2 Re1+ 19. Kg2 Nxf2 20. Bh7+ Kg7 21.
Bf5 Rxc1 22. Qxc1 Bxf5 23. c4 Bh3+ 24. Kf3 g4+ 25. Ke2 Re8+ 26. Kd2 Qxb4+ 0-1

[Event "XXIII Ayto. de Erandio"]
[Site ""]
[Date "2014.12.27"]
[Round "7.6"]
[White "Sadusea, Johnny"]
[Black "Aguirre Maiz, Aitor"]
[Result "1-0"]
[WhiteElo "2055"]
[BlackElo "1879"]

1. e4 e6 2. d4 d5 3. exd5 exd5 4. Bd3 Bd6 5. Nc3 c6 6. h3 h6 7. Nf3 Nd7 8. O-O
Ne7 9. Re1 Qc7 10. Qe2 O-O 11. Ne5 Bxe5 12. dxe5 Nc5 13. Be3 Nxd3 14. Qxd3 b6
15. f4 g6 16. Bf2 Kh7 17. Bh4 Ng8 18. g4 Re8 19. Bg3 Qe7 20. Kh2 Bd7 21. f5 Qf8
22. Rf1 Qg7 23. e6 Bxe6 24. fxe6 Rxe6 25. Rae1 Rae8 26. Rxe6 Rxe6 27. Re1 Qf6
28. Rxe6 Qxe6 29. Qe2 Qxe2+ 30. Nxe2 Nf6 31. Nd4 c5 32. Nc6 a6 33. Kg2 d4 34.
Kf3 g5 35. Ne7 Nd7 36. Ke4 1-0

[Event "XXIII Ayto. de Erandio"]
[Site ""]
[Date "2014.12.27"]
[Round "7.7"]
[White "Perez Fernandez, Modesto"]
[Black "Lopez De Castro, Joseph"]
[Result "1-0"]
[WhiteElo "2042"]
[BlackElo "1770"]

1. e4 e5 2. Nf3 f5 3. Nxe5 Qf6 4. d4 d6 5. Nc4 fxe4 6. Nc3 Qg6 7. f3 exf3 8.
Qxf3 Nf6 9. Bd3 Qg4 10. Qe3+ Be7 11. O-O Qe6 12. Bd2 Qxe3+ 13. Nxe3 O-O 14.
Bc4+ Kh8 15. Ned5 Bd8 16. Bg5 Nbd7 17. Rae1 c6 18. Nxf6 Bxf6 19. Bxf6 Nxf6 20.
Ne4 d5 21. Nxf6 dxc4 22. Ne8 Rxf1+ 23. Rxf1 Kg8 24. Nd6 Be6 25. Re1 Bd5 26.
Nxb7 Kf8 27. Nc5 Rb8 28. Nd7+ 1-0

[Event "XXIII Ayto. de Erandio"]
[Site ""]
[Date "2014.12.27"]
[Round "7.8"]
[White "Goiria Egidazu, Jon Asel"]
[Black "Fernandez Rivera, Igor"]
[Result "1-0"]
[WhiteElo "1957"]
[BlackElo "1843"]

1. e4 d6 2. d4 Nf6 3. Nc3 e5 4. dxe5 dxe5 5. Qxd8+ Kxd8 6. Nf3 Bd6 7. Be3 Be6
8. O-O-O Ke7 9. Nd2 Nbd7 10. f3 Bc5 11. Nc4 Bxe3+ 12. Nxe3 c6 13. Bc4 Nh5 14.
Rd2 Rad8 15. Bxe6 fxe6 16. Nc4 g5 17. Rhd1 Nf4 18. g3 Ng6 19. Na5 Nc5 20. Rxd8
Rxd8 21. Rxd8 Kxd8 22. b4 Na6 23. Nxb7+ Kc7 24. Nc5 Nxc5 25. bxc5 h5 26. Kd2
Kb7 27. Kd3 Ka6 28. Kc4 Ka5 29. a4 Ne7 30. Kb3 Ng6 31. Nd1 Ka6 32. Ne3 Kb7 33.
Kb4 a6 34. Nc4 Ka7 35. Nd6 g4 36. fxg4 hxg4 37. Nf7 Kb8 38. Nh6 Ne7 39. Nxg4
Ng8 40. h4 Kc7 41. h5 1-0

[Event "XXIII Ayto. de Erandio"]
[Site ""]
[Date "2014.12.27"]
[Round "7.9"]
[White "Cuero Reid, Maximo Javier"]
[Black "Martinez Fernandez, Adrian"]
[Result "1-0"]
[WhiteElo "1841"]
[BlackElo "1895"]

1. d4 Nf6 2. Bg5 Ne4 3. h4 c5 4. dxc5 Qa5+ 5. Nd2 Nxg5 6. hxg5 Qxc5 7. Ngf3 Nc6
8. e4 d6 9. Bc4 Bg4 10. c3 Bxf3 11. gxf3 Qb6 12. f4 g6 13. b4 Bg7 14. Qb3 O-O
15. Rc1 Rae8 16. Nf3 e6 17. Kf1 Qc7 18. Rh4 Rc8 19. Bd3 Ne7 20. Kg2 d5 21. e5
Nf5 22. Rh3 Rfd8 23. Qd1 a6 24. Bxf5 exf5 25. Qh1 h5 26. gxh6 Bh8 27. Rg3 Qc4
28. Qh4 d4 29. Ng5 d3 30. e6 d2 31. exf7+ Kf8 32. Rd1 Qc6+ 33. Kh2 Qb6 34. Re3
Rd7 35. h7 Kg7 36. Re8 Rxf7 37. Rxc8 Rd7 38. Rg8+ Kf6 39. Rxh8 Rxh7 40. Rxh7
1-0

[Event "XXIII Ayto. de Erandio"]
[Site ""]
[Date "2014.12.27"]
[Round "7.10"]
[White "Buiza Prieto, Eihartze"]
[Black "Caballero Ibarlucea, Josu"]
[Result "1-0"]
[WhiteElo "1887"]
[BlackElo "1709"]

1. e4 e6 2. Nf3 d5 3. e5 c5 4. b4 cxb4 5. a3 bxa3 6. c3 Bd7 7. d4 Bc6 8. Bd3
Nd7 9. O-O Nb6 10. Nxa3 Ne7 11. h4 g6 12. Bg5 Qd7 13. Bf6 Rg8 14. Ng5 h6 15.
Nh7 O-O-O 16. Qb3 Kb8 17. Nb5 Nbc8 18. Nd6 Qc7 19. Nxf7 Rd7 20. Nd6 Nf5 21.
Nxf8 Rxf8 22. Nxc8 Qxc8 23. Rfb1 Ne7 24. Qa3 Qe8 25. Qxa7+ Kc8 26. Qb6 Rd8 27.
Ba6 (27. Ra8+ Kd7 28. Qxb7+ Bxb7 29. Rxb7+ Kc6 30. Raa7) 27... Rd7 28. Bxb7+
Rxb7 29. Ra8+ Kd7 30. Qxb7+ Bxb7 31. Rxb7+ 1-0

[Event "XXIII Ayto. de Erandio"]
[Site ""]
[Date "2014.12.28"]
[Round "8.1"]
[White "Alonso Alonso, Ivan"]
[Black "Gomez Esteban, Juan Mario"]
[Result "0-1"]
[WhiteElo "2133"]
[BlackElo "2446"]

1. e4 e5 2. Nf3 Nf6 3. Nxe5 d6 4. Nf3 Nxe4 5. Nc3 Nxc3 6. dxc3 Be7 7. Bf4 Nc6
8. Qd2 Be6 9. Ng5 Bxg5 10. Bxg5 Qd7 11. Bb5 a6 12. Ba4 O-O 13. O-O Rfe8 14.
Rfe1 b5 15. Bb3 Bxb3 16. axb3 Rxe1+ 17. Rxe1 Re8 18. Ra1 Qf5 19. h3 a5 20. Be3
h5 21. c4 bxc4 22. bxc4 Nb4 23. Rc1 Re6 24. b3 Rg6 25. Kh1 Kh7 26. c3 Nd3 27.
Rd1 Ne5 28. f4 Nd7 29. Qd3 Qxd3 30. Rxd3 Rg3 31. h4 Nf6 32. Kh2 Rxe3 0-1

[Event "XXIII Ayto. de Erandio"]
[Site ""]
[Date "2014.12.28"]
[Round "8.2"]
[White "Mate Adan, Carlos"]
[Black "Nava Pereda, Carlos"]
[Result "1-0"]
[WhiteElo "2313"]
[BlackElo "2277"]

1. e4 Nf6 2. e5 Nd5 3. c4 Nb6 4. c5 Nd5 5. Bc4 e6 6. Nc3 Nxc3 7. dxc3 Nc6 8.
Bf4 Bxc5 9. Qg4 g5 10. Bxg5 Rg8 11. Bxd8 Rxg4 12. Be2 Rxg2 13. Bxc7 a6 14. Nf3
b5 15. Nd2 Ra7 16. Bd6 Bxd6 17. exd6 Nd8 18. Bf3 Rg6 19. O-O-O Bb7 20. Be4 f5
21. Bxb7 Rxb7 22. f4 Rb6 23. Nf3 Nf7 24. Ne5 Nxe5 25. fxe5 Rc6 26. Rhe1 Rc4 27.
Rd4 Rg2 28. Rd2 Rg5 29. Rd4 Rg2 30. Rd2 Rgg4 31. Re3 Kf7 32. b3 Rce4 33. Rde2
Rxe3 34. Rxe3 Kg6 35. Kd2 Rg2+ 36. Kd3 Rxh2 37. Rg3+ Kf7 38. a4 bxa4 39. bxa4
Rh4 40. c4 Re4 41. Rh3 Kg6 42. Rg3+ Rg4 43. Rh3 Re4 44. Rg3+ Rg4 45. Rh3 Rg1
46. c5 Rc1 47. Kd4 f4 48. Rh4 Kf5 49. Rh5+ Kg6 50. Rh4 Kf5 51. Rxh7 Rd1+ 52.
Kc4 Ke4 53. Rxd7 Rc1+ 54. Kb4 f3 55. Rf7 Rb1+ 56. Ka5 Kd5 57. d7 Rb8 58. Rxf3
Kxc5 59. Rc3+ 1-0

[Event "XXIII Ayto. de Erandio"]
[Site ""]
[Date "2014.12.28"]
[Round "8.3"]
[White "Goiria Egidazu, Jon Asel"]
[Black "Prieto Aranguren, Alain"]
[Result "0-1"]
[WhiteElo "1957"]
[BlackElo "2203"]

1. e4 d6 2. d4 Nf6 3. Nc3 g6 4. Nf3 Bg7 5. Be2 O-O 6. O-O c6 7. a4 a5 8. Be3
Na6 9. Nd2 Nb4 10. f4 d5 11. e5 Ne8 12. Na2 Nxa2 13. Rxa2 Nc7 14. Bd3 f6 15.
Ra1 b6 16. c3 Ba6 17. Bxa6 Rxa6 18. Qg4 f5 19. Qe2 Qa8 20. Bf2 Ne6 21. Bh4 Ra7
22. Qe3 c5 23. Nf3 Qc6 24. Ng5 Nxg5 25. Bxg5 Rc8 26. Bh4 Bf8 27. Bf2 e6 28.
Rfd1 Be7 29. Qh3 Rac7 30. Bh4 Bf8 31. Bf2 Qb7 32. Qd3 Be7 33. Rd2 Qc6 34. Qh3
Qd7 35. Bh4 Bf8 36. Bf2 cxd4 37. Bxd4 Rc4 38. b3 R4c6 39. Qe3 Bc5 40. Rc1 Qe7
41. Rcd1 Bxd4 42. cxd4 Rc3 43. Rd3 Qb4 44. Kf1 0-1

[Event "XXIII Ayto. de Erandio"]
[Site ""]
[Date "2014.12.28"]
[Round "8.4"]
[White "Ibarretxe Campo, Lander"]
[Black "Perez Fernandez, Modesto"]
[Result "1-0"]
[WhiteElo "2065"]
[BlackElo "2042"]

1. c4 Nf6 2. Nc3 e6 3. e4 c5 4. e5 Ng8 5. d4 cxd4 6. Qxd4 Nc6 7. Qe4 d6 8. Nf3
dxe5 9. Nxe5 Bd7 10. Nxd7 Qxd7 11. Bg5 Nf6 12. Bxf6 gxf6 13. Rd1 Qe7 14. Be2
Bg7 15. O-O O-O 16. Rfe1 f5 17. Qc2 Rad8 18. Bf1 Qg5 19. Rxd8 Rxd8 20. Rd1 Nd4
21. Qd3 Nc6 22. Qf3 Rxd1 23. Qxd1 Qd8 24. Qxd8+ Nxd8 25. Nd1 Bd4 26. Bd3 Nc6
27. Kf1 Ne5 28. Ke2 Nxd3 29. Kxd3 Be5 30. h3 Kf8 31. c5 Ke7 32. b4 a6 33. a4
Kd7 34. Kc4 Kc6 35. b5+ axb5+ 36. axb5+ Kd7 37. Nc3 f4 38. Ne4 f5 39. Ng5 h5
40. Nf3 Bf6 41. Ne1 Be5 42. Nd3 Bb8 43. Kd4 Bc7 44. Ne5+ Ke7 45. Nc4 Kd7 46. f3
Bb8 47. Na5 Kc8 48. b6 h4 49. Kc4 Be5 50. Kb5 Bb8 51. c6 bxc6+ 52. Kxc6 e5 53.
Kd5 e4 54. fxe4 fxe4 55. Kxe4 Kd7 56. Kd5 Kc8 57. b7+ Kc7 58. Nc6 Kxb7 59. Nxb8
f3 60. gxf3 Kxb8 1-0

[Event "XXIII Ayto. de Erandio"]
[Site ""]
[Date "2014.12.28"]
[Round "8.5"]
[White "Buiza Prieto, Eihartze"]
[Black "Sadusea, Johnny"]
[Result "1/2-1/2"]
[WhiteElo "1887"]
[BlackElo "2055"]

1. e4 c5 2. Nf3 d6 3. d4 cxd4 4. Nxd4 Nf6 5. Nc3 a6 6. Be2 e5 7. Nb3 Be7 8. O-O
O-O 9. Be3 Be6 10. Qd2 Nbd7 11. a4 Rc8 12. a5 Qc7 13. Rfd1 Qc6 14. Bf3 Rfd8 15.
Qe1 Bf8 16. Rd2 Nc5 17. Nxc5 dxc5 18. Rad1 Qc7 19. Rxd8 Rxd8 20. Rxd8 Qxd8 21.
Na4 Qc7 22. Qc3 Nd7 23. b4 c4 24. h3 Qc6 25. Nb2 b5 26. axb6 Qb5 27. Bd2 Nxb6
28. Be2 f6 29. Qa3 Kf7 30. Qa5 Bd6 31. Qxb5 axb5 32. c3 Ke8 33. Be3 Nc8 34. Bg4
Bxg4 35. hxg4 Kd7 36. Nd1 Kc6 37. g5 Ne7 38. gxf6 gxf6 39. Bd2 f5 40. f3 f4 41.
Nf2 Kd7 42. Nh3 Ng6 43. Be1 Be7 44. Kf1 Ke6 45. Ke2 Bf6 46. Kf1 Be7 47. Ke2 Nf8
48. Nf2 Nd7 49. Ng4 Bf8 50. Bh4 Nb8 51. Be1 Nc6 52. Nf2 Be7 53. Ng4 Bg5 54. Kd1
Kf7 55. Ke2 Ke7 56. Kd1 $11 Ke6 57. Kd2 Nb8 58. Nf2 Nd7 59. Nh3 Bh6 60. Bh4 Nb6
1/2-1/2

[Event "XXIII Ayto. de Erandio"]
[Site ""]
[Date "2014.12.28"]
[Round "8.6"]
[White "Ruiz Marana, Alejandro"]
[Black "Cuero Reid, Maximo Javier"]
[Result "1-0"]
[WhiteElo "2173"]
[BlackElo "1841"]

1. e4 Nf6 2. e5 Nd5 3. d4 e6 4. Nf3 d6 5. c4 Nb6 6. exd6 cxd6 7. Nc3 N8d7 8.
Bd3 Nf6 9. O-O Be7 10. Qe2 Nbd7 11. Bf4 Nf8 12. h3 h6 13. c5 a6 14. b4 N8h7 15.
Rfe1 O-O 16. Nd2 Re8 17. Nc4 dxc5 18. dxc5 Nd5 19. Nxd5 exd5 20. Nb6 Bd7 21.
Nxa8 Bf6 22. Bxh7+ Kxh7 23. Qd3+ Kg8 24. Nc7 Re4 25. Rxe4 dxe4 26. Qd1 1-0

[Event "XXIII Ayto. de Erandio"]
[Site ""]
[Date "2014.12.28"]
[Round "8.7"]
[White "Diez Fraile, David"]
[Black "Arias Garcia, Luis Javier"]
[Result "1/2-1/2"]
[WhiteElo "2147"]
[BlackElo "2186"]

1. d4 Nf6 2. c4 e6 3. Nc3 Bb4 4. Qc2 O-O 5. e4 d6 6. Bd3 Nc6 7. Nge2 e5 8. dxe5
dxe5 9. O-O h6 10. a3 Bxc3 11. Qxc3 Re8 12. f3 Be6 13. Be3 Qd7 14. Rad1 Rad8
15. Bc2 Qc8 16. b4 b6 17. Ba4 Qb7 18. Rxd8 Rxd8 19. Rc1 Nd7 20. Rd1 f6 21. Kf2
a6 22. c5 b5 23. Bb3 Nf8 24. Bd5 Qc8 25. Qb3 Ne7 26. Nc3 c6 27. Bxe6+ Qxe6 28.
Qxe6+ Nxe6 29. Rxd8+ Nxd8 30. g4 Ne6 31. Ne2 Kf7 32. h4 Ng6 33. h5 Ne7 34. Ng3
Ke8 35. Ke2 $11 Kd7 36. Kd3 Kc7 37. Nf5 Nxf5 38. gxf5 Nd8 39. Bd2 Nb7 40. Be3
a5 41. Bd2 axb4 42. axb4 Kd7 43. Ke2 Ke7 44. Be3 Nd8 45. Kf2 Kf7 46. Kg3 Kg8
47. Kf2 Nf7 48. Kg3 1/2-1/2

[Event "XXIII Ayto. de Erandio"]
[Site ""]
[Date "2014.12.28"]
[Round "8.8"]
[White "Ramos Samperio, Aitor"]
[Black "Saez Gabikagogeaskoa, Oscar"]
[Result "0-1"]
[WhiteElo "1789"]
[BlackElo "1983"]

1. d4 Nf6 2. Bg5 Ne4 3. Bf4 c5 4. f3 Qa5+ 5. c3 Nf6 6. Nd2 cxd4 7. Nb3 Qb6 8.
cxd4 d5 9. Qc2 Nc6 10. e3 Nb4 11. Qc3 Nc6 12. a3 e6 13. Bd3 Be7 14. Ne2 Nh5 15.
O-O Nxf4 16. Nxf4 Bd6 17. Nh5 O-O 18. Nc5 e5 19. Qc2 h6 20. Na4 Qd8 21. Qf2 Qg5
22. Ng3 exd4 23. exd4 b6 24. Nc3 Nxd4 25. f4 Qd8 26. Kh1 Nb3 27. Rad1 Nc5 28.
Bb1 Ba6 29. Rfe1 Qh4 30. Nxd5 Rad8 31. Ne4 Qxf2 32. Nxf2 Bb7 33. Nh3 Rfe8 34.
Ba2 Rxe1+ 35. Rxe1 Nd3 36. Rd1 Nxb2 37. Rd4 Kf8 38. Ne3 Be7 39. Rxd8+ Bxd8 40.
Kg1 Be7 41. Nc2 Be4 42. Nb4 a5 43. Nf2 Bb7 44. Nc2 Bc5 45. Kf1 Ba6+ 46. Ke1
Nd3+ 47. Nxd3 Bxd3 48. Kd2 Be4 49. g4 Bd6 0-1

[Event "XXIII Ayto. de Erandio"]
[Site ""]
[Date "2014.12.28"]
[Round "8.9"]
[White "Garjon Modrego, Miguel"]
[Black "Landa Moñux, Josu"]
[Result "1/2-1/2"]
[WhiteElo "1914"]
[BlackElo "2026"]

1. d4 Nf6 2. Nf3 c5 3. c3 g6 4. Bf4 cxd4 5. Nxd4 Bg7 6. h3 O-O 7. e3 d6 8. Nb3
Bd7 9. Be2 Ba4 10. O-O Nc6 11. N1d2 Rc8 12. Qb1 Ne5 13. Nd4 Nd5 14. Bg3 Bh6 15.
N2f3 Bg7 16. Qe4 Nxf3+ 17. Bxf3 Bc6 18. Nxc6 bxc6 19. Qa4 Qb6 20. Rab1 Nf6 21.
Rfd1 Nd7 $11 22. Qc2 Rfd8 23. Rd2 Rb8 24. Rbd1 Ne5 25. Be2 Bf6 26. b3 a5 27.
Rd4 Nd7 28. Rf4 Qc5 29. Rc4 Qb6 $11 1/2-1/2

[Event "XXIII Ayto. de Erandio"]
[Site ""]
[Date "2014.12.28"]
[Round "8.10"]
[White "Lagos Lejarraga, Jon"]
[Black "Porras Campo, Ruben"]
[Result "1/2-1/2"]
[WhiteElo "1838"]
[BlackElo "2067"]

1. e4 c5 2. Nf3 e6 3. c3 Nf6 4. e5 Nd5 5. d4 cxd4 6. cxd4 d6 7. a3 Bd7 8. Bd3
Bc6 9. Qe2 Nd7 10. O-O Rc8 11. Re1 Be7 12. g3 dxe5 13. dxe5 Nc5 14. Bc2 Qd7 15.
Nd4 O-O 16. Nxc6 Qxc6 17. Bf4 Rfd8 18. Nd2 a5 19. Rac1 b5 20. Bb1 $11 Qb6 21.
Ne4 Nxf4 22. gxf4 Nxe4 23. Bxe4 Rxc1 24. Rxc1 Qd4 25. Rc7 Kf8 26. Qc2 g6 27.
Qe2 Bc5 28. Qc2 Bb6 29. Rb7 Kg7 30. Kg2 b4 31. axb4 axb4 32. Qe2 b3 33. Kg1 Rc8
34. Re7 Rc1+ 35. Kg2 Rd1 36. Qe3 Qd8 37. Qxb3 Rd2 38. Qxe6 Rxf2+ 39. Kg3 Rxf4
40. Kxf4 Qd2+ 41. Kg3 Qe1+ 42. Kh3 Qe3+ 43. Kh4 Qxe4+ 44. Qg4 Bf2+ 45. Kh3 Qd3+
46. Kg2 Bc5 47. Rc7 Qd2+ 48. Kh3 Qh6+ 49. Kg2 Qd2+ 50. Kh3 1/2-1/2